[Event "Seebach op 16th"]
[Site "Grossenseebach"]
[Date "2005.05.26"]
[Round "1"]
[White "Kunz, Konstantin"]
[Black "Yin, Zixiao"]
[Result "1-0"]
[WhiteElo "2220"]
[BlackElo "1897"]
[PlyCount "63"]
[EventDate "2005.05.26"]
[EventType "swiss"]
[EventRounds "7"]
[EventCountry "GER"]
[SourceTitle "EXT 2018"]
[Source "ChessBase"]
[SourceDate "2017.10.13"]
[SourceVersion "1"]
[SourceVersionDate "2017.10.13"]
[SourceQuality "1"]

1. d4 d5 2. c4 Nc6 3. cxd5 Qxd5 4. e3 e5 5. Nc3 Bb4 6. a3 Bxc3+ 7. bxc3 exd4 8. cxd4 Nf6 9. Nf3 0-0 10. Be2 Bf5 11. 0-0 Ne7 12. Bb2 Ng6 13. Rc1 Qd6 14. Qb3 Be4 15. a4 Qb6 16. Qc3 Nd5 17. Qd2 Rfe8 18. a5 Qf6 19. Ne5 Qg5 20. f3 Nxe3 21. Rf2 Bd5 22. f4 Qd8 23. Qxe3 f6 24. f5 Nh8 25. Qc3 fxe5 26. dxe5 Qg5 27. Qxc7 Nf7 28. e6 Nh6 29. Qe5 Bc6 30. a6 Ng4 31. Qg3 Qd2 32. Bxg4 1-0